Tratado de derecho arbitral /

Obra que aborda el arbitraje en el derecho interno de España y en el derecho internacional privado. Contiene: I. Arbitraje de carácter interno: 1. Autonomía del arbitraje; 2. Convenio arbitral; 3. Relación arbitral; 4. Control del laudo y de la actividad arbitral. II. El arbitraje internacional: 1....

Ausführliche Beschreibung

Gespeichert in:
Bibliographische Detailangaben
1. Verfasser: Merino Merchán, José F. (autor)
Weitere Verfasser: Chillón Medina, José María (autor) (autor)
Format: Buch
Sprache:Spanisch
Veröffentlicht: Madrid, España : Thomson, 2006, c2006
Ausgabe:3a edición
Schlagworte:
Tags: Tag hinzufügen
Keine Tags, Fügen Sie das erste Tag hinzu!

MARC

LEADER 00000nam^a2200000^a^4500
001 000264457
005 20250521000000.0
009 20260310110647.367
020 |a 84-470-2672-8 
037 |a Acervo ITESO - Biblioteca 
041 |a ESP 
082 |a 347. 4609  |b MER 
100 |a Merino Merchán, José F.  |e (autor) 
245 1 0 |a Tratado de derecho arbitral /  |c J.F. Merino Merchán, J.M. Chillón Medina ; pról. de Rafael Jiménez de Parga Cabrera. 
250 |a 3a edición 
264 4 |a Madrid, España :  |b Thomson,  |c 2006, c2006 
300 |a 1852 p. 
336 |a texto  |b txt  |2 rdacontenido 
337 |a sin mediación  |b n  |2 rdamedio 
338 |a volumen  |b nc  |2 rdasoporte 
520 |a Obra que aborda el arbitraje en el derecho interno de España y en el derecho internacional privado. Contiene: I. Arbitraje de carácter interno: 1. Autonomía del arbitraje; 2. Convenio arbitral; 3. Relación arbitral; 4. Control del laudo y de la actividad arbitral. II. El arbitraje internacional: 1. Concepto y naturaleza del arbitraje internacional de derecho privado; 2. Fuentes del arbitraje internacional; 3. El convenio arbitral internacional; 4. El tribunal arbitral; 5. El procedimiento arbitral; 6. La sentencia arbitral; 7. Eficacia y control de la sentencia arbitral internacional. 
649 |a XX 
650 |a Arbitraje Internacional -  |x Aspectos Jurídicos -  |x Tema Principal 
650 |a Derecho Privado -  |z España 
650 |a Derecho Internacional Privado 
700 |a Chillón Medina, José María  |e (autor) 
910 |a Fondo General 
920 |a Impresos - Libros 
930 |a Colección General 
905 |a 101 
901 |a 0500146685  |b IT1  |c ACC  |u 20250521 
902 |a https://opac.biblio.iteso.mx/vufind/Record/000264457